000 00540cam a2200217 4500
008 000000n2000 000 0 eng u
020 _a0860178773
035 _a(Sirsi) u105328
050 _a624.152
100 _aPowrie, W
245 _aProp loads in large braced excavations
260 _aLondon
_bCIRA
_c2000
300 _a37p. ; 30cm
350 _a30.00
490 _aCIRIA
_vPR77
650 _aEXCAVATIONS
650 _aPROP LOADS
690 _aBUILDING AND CONSTRUCTION-ENGINEERING
700 _aBatten, M
942 _n0
999 _c100361
_d100361